000 00577nam a2200181Ia 4500
008 090124s9999 xx 000 0 und d
082 _b30161
100 _aपुनर्वसु अनिरुध्द
245 _a सुख रुप
250 _a1
260 _bमेहता पब्लिशिंग हाऊस
_c1991
300 _a168
600 _aपुनर्वसु अनिरुध्द
630 _a सुख रुप
700 _aपुनर्वसु अनिरुध्द
730 _a सुख रुप
942 _cBOOK
999 _c95855
_d95855